Online
Catalog
Normal view MARC view

Entry Nombre personal

Number of records used in: 11

001 - NÚMERO DE CONTROL

  • campo de control: 2002

003 - IDENTIFICADOR DEL NÚMERO DE CONTROL

  • campo de control: BNPHU

005 - FECHA Y HORA DE LA ÚLTIMA TRANSACCIÓN

  • campo de control: 20250124082802.0

008 - DATOS DE LONGITUD FIJA

  • campo de control de longitud fija: 200615|| aca||aabn | a|a d

010 ## - NÚMERO DE CONTROL DE LA BIBLIOTECA DEL CONGRESO

  • Número de control de LC: n 84229313

040 ## - FUENTE DE LA CATALOGACIÓN

  • Centro catalogador/agencia de origen: DO-SdBNP
  • Lengua de catalogación: spa
  • Centro/agencia transcriptor: BNPHU
  • Normas de descripción: rda

100 1# - ENCABEZAMIENTO-NOMBRE DE PERSONA

  • Nombre de persona: Záiter Mejía, Alba Josefina

400 1# - TRAZADO DE VÉASE--NOMBRE DE PERSONA

  • Nombre de persona: Mejía, Alba Josefina Záiter

400 1# - TRAZADO DE VÉASE--NOMBRE DE PERSONA

  • Nombre de persona: Záiter, Josefina

670 ## - FUENTE DE DATOS ENCONTRADOS

  • Cita de la fuente: Work cat.: (OSt)605: Identidad y proyecto de nación /, 2004.

670 ## - FUENTE DE DATOS ENCONTRADOS

  • Cita de la fuente: La identidad social y nacional en ... 1996:
  • Información encontrada: (Alba Josefina Záiter Mejía)

670 ## - FUENTE DE DATOS ENCONTRADOS

  • Cita de la fuente: La identidad social y nacional en Dominicana, 2001:
  • Información encontrada: (Alba Josefina Záiter Mejía) cubierta (Alba Josefina Záiter Mejía) p. xviii (Josefina Zaiter) pie de foto (Josefina Záiter)

670 ## - FUENTE DE DATOS ENCONTRADOS

  • Identificador Uniforme del Recurso: https://authorities.loc.gov/cgi-bin/Pwebrecon.cgi?AuthRecID=3847953&v1=1&HC=1&SEQ=20250124082610&PID=7Yxs6AAqxA4LWSHnVnYTs1ThQSrHn Consultado en 24 de enero, 2025

Powered by Koha